| 000 | 00549nam a22001937a 4500 | ||
|---|---|---|---|
| 005 | 20150428111344.0 | ||
| 010 | _aENG-112356 | ||
| 020 |
_a9789325976146 _c425.00 |
||
| 035 | _aEN-95888 | ||
| 037 | _bDBAD/PUB | ||
| 082 | _a370.15 | ||
| 100 | _aAggarwal, J.C. | ||
| 245 |
_aEssentials of educational psychology / _cby J.C.Aggarwal |
||
| 250 | _a3rd ed | ||
| 260 |
_aNoida (UP) _bVikas Publishing House _c2014 |
||
| 270 |
_aE-28, Sector-8, _bNoida _e201301 |
||
| 300 |
_axvi,607p. _c24cm(pbk) |
||
| 942 |
_2ddc _cEN _mAGG _h370.15 |
||
| 999 |
_c92194 _d92194 |
||